Normal view
MARC view
- الجبوري، ماهر صالح علاوي
Entry Personal Name
001 - CONTROL NUMBER
- control field: 46921
003 - CONTROL NUMBER IDENTIFIER
- control field: JO-AjAnu
005 - DATE AND TIME OF LATEST TRANSACTION
- control field: 20230606081742.0
008 - FIXED-LENGTH DATA ELEMENTS
- fixed length control field: 230606|| aca||aabn | a|a d
040 ## - CATALOGING SOURCE
- Original cataloging agency: JO-AjAnu
- Transcribing agency: JO-AjAnu
100 ## - HEADING--PERSONAL NAME
- Personal name: الجبوري، ماهر صالح علاوي
670 ## - SOURCE DATA FOUND
- Source citation: Work cat.: (JO-AjAnu)24015: الجبوري، ماهر صالح علاوي , author, القانون الاداري